[Event "Chigorin Memorial 20th"]
[Site "St Petersburg"]
[Date "2012.10.27"]
[Round "1"]
[White "Cherednichenko, Svetlana"]
[Black "Glazov, Anatoly"]
[Result "1-0"]
[WhiteElo "2311"]
[BlackElo "1835"]
[PlyCount "27"]
[EventDate "2012.10.27"]
[EventType "swiss"]
[EventRounds "9"]
[EventCountry "RUS"]
[SourceTitle "EXT 2013"]
[Source "ChessBase"]
[SourceDate "2012.11.22"]
[SourceVersion "1"]
[SourceVersionDate "2012.11.22"]
[SourceQuality "1"]

1. d4 Nf6 2. Nf3 d5 3. e3 Bg4 4. c4 e6 5. Qb3 b6 6. Ne5 Bd6 7. Nc3 c6 8. Bd2 Bh5 9. cxd5 exd5 10. f4 0-0 11. Bd3 Nfd7 12. 0-0 f6 13. Nxc6 Qc7 14. Nxd5 1-0

[Event "St Petersburg Botvinnik Memorial op"]
[Site "St Petersburg"]
[Date "2012.09.02"]
[Round "9"]
[White "Glazov, Anatoly"]
[Black "Kopasov, Evgeny Aleksandrovi"]
[Result "0-1"]
[WhiteElo "1856"]
[BlackElo "2007"]
[PlyCount "72"]
[EventDate "2012.08.25"]
[EventType "swiss"]
[EventRounds "9"]
[EventCountry "RUS"]
[SourceTitle "CBM 150 Extra"]
[Source "ChessBase"]
[SourceDate "2012.10.19"]
[SourceVersion "1"]
[SourceVersionDate "2012.10.19"]
[SourceQuality "1"]

1. f4 d5 2. Nf3 Nf6 3. d4 Bg4 4. e3 Nbd7 5. h3 Bxf3 6. Qxf3 Ne4 7. Nd2 Ndf6 8. c4 e6 9. Bd3 Bb4 10. a3 Bxd2+ 11. Bxd2 Nxd2 12. Kxd2 c5 13. cxd5 cxd4 14. dxe6 0-0 15. exf7+ Rxf7 16. Bc4 dxe3+ 17. Ke2 Qd2+ 18. Kf1 Qxb2 19. Re1 Re8 20. Kg1 Qxa3 21. Qxb7 Ree7 22. Qa8+ Re8 23. Qf3 Qc5 24. Bxf7+ Kxf7 25. Kh2 Re7 26. Re2 Qd4 27. Rhe1 Nd5 28. Qh5+ Kg8 29. g3 Nc3 30. Rb2 g6 31. Qg5 Re8 32. h4 e2 33. h5 Qf2+ 34. Kh3 Qxe1 35. hxg6 Qh1+ 36. Kg4 h5+ 0-1

[Event "St Petersburg Autumn op"]
[Site "St Petersburg"]
[Date "2011.11.04"]
[Round "8"]
[White "Glazov, Anatoly"]
[Black "Klobukov, Sergey"]
[Result "1-0"]
[WhiteElo "1880"]
[BlackElo "1974"]
[PlyCount "69"]
[EventDate "2011.10.28"]
[EventType "swiss"]
[EventRounds "9"]
[EventCountry "RUS"]
[SourceTitle "EXT 2013"]
[Source "ChessBase"]
[SourceDate "2012.11.22"]
[SourceVersion "1"]
[SourceVersionDate "2012.11.22"]
[SourceQuality "1"]

1. Nf3 Nf6 2. c4 e6 3. d4 b6 4. Nc3 Bb7 5. Bg5 Be7 6. Qc2 d5 7. e3 h6 8. Bh4 0-0 9. Bd3 c5 10. dxc5 bxc5 11. 0-0 Nc6 12. a3 Rc8 13. Rad1 Qe8 14. Bxf6 Bxf6 15. cxd5 Bxc3 16. dxc6 Qxc6 17. Qxc3 f5 18. Rc1 Rf6 19. b4 Rg6 20. Be2 Qe8 21. bxc5 Qe7 22. g3 h5 23. Ne5 Rh6 24. c6 Ba8 25. Rfd1 h4 26. Rd7 Qe8 27. Bf3 hxg3 28. fxg3 g5 29. Ng4 Qf8 30. Nxh6+ Qxh6 31. c7 Bxf3 32. Rd8+ Kf7 33. Rxc8 g4 34. Rh8 Qg5 35. Rh7+ 1-0